| 000 | 00872nam a2200205 a 4500 | ||
|---|---|---|---|
| 003 | 0 | ||
| 005 | 20250618135503.0 | ||
| 008 | 021121s19uu xx 00 eng d | ||
| 050 |
_aPGS VK 203 _b.B928 2000 |
||
| 100 | _aBuen, Danilo M., Jr. | ||
| 245 |
_aThe perceptions of the Filipino seafarers on-board the foreign ocean-going vessel on International Maritime Organization (IMO) standards. _cDanilo M. Buen Jr. |
||
| 260 |
_aLas PiƱas City, Philippines : _bSouthville International School and Colleges, _c2000. |
||
| 300 |
_a25 pages : _billustrations ; _c28 cm. |
||
| 504 | _aIncludes bibliographical references. | ||
| 650 |
_aSeafarers _vAttitudes. |
||
| 650 | _aInternational Maritime Organization. | ||
| 650 |
_aMerchant marine _vSafety regulations _vInternational cooperation. |
||
| 650 |
_aShipping _vStandards _vInternational cooperation. |
||
| 942 |
_2lcc _cPASS |
||
| 999 |
_c96320 _d96320 |
||